banner koha

Essential oils in the control of dry bubble disease in white button mushroom (Registro n. 329309)

MARC details
000 -LÍDER
fixed length control field 04413nab a2200313 i 4500
003 - CÓDIGO MARC DA AGÊNCIA CATALOGADORA
Campo de controle BR-BrBNA
005 - DATA E HORA DA ÚLTIMA ATUALIZAÇÃO
Campo de controle 20241217133929.0
008 - CAMPO DE TAMANHO FIXO
fixed length control field 241217b2017 bl.mr|pooa||| 00| 0 eng |
040 ## - FONTE DA CATALOGAÇÃO
Agência catalogadora BR-BrBNA
Idioma da catalogação eng
072 ## - CATEGORIA AGRIS
Código AGRIS H20
Código do objeto 1885
072 ## - CATEGORIA AGRIS
Código AGRIS H01
100 ## - ENTRADA PRINCIPAL - NOME PESSOAL
Nome pessoal Santos, Tamara Leite dos
100 ## - ENTRADA PRINCIPAL - NOME PESSOAL
Nome pessoal Belan, Leônidas Leoni
100 ## - ENTRADA PRINCIPAL - NOME PESSOAL
Nome pessoal Zied, Diego Cunha
100 ## - ENTRADA PRINCIPAL - NOME PESSOAL
Nome pessoal Dias, Eustáquio Souza
100 ## - ENTRADA PRINCIPAL - NOME PESSOAL
Nome pessoal Alves, Eduardo
245 ## - TÍTULO PRINCIPAL
Título principal Essential oils in the control of dry bubble disease in white button mushroom
500 ## - NOTA GERAL
Nota geral Publicação on-line; 19 ref.; 3 tables; Sumaries (En, Pt)
942 ## - ADDED ENTRY ELEMENTS (KOHA)
Koha item type Analítica
520 ## - NOTA DE RESUMO
Nota de conteúdo <br/><br/>ABSTRACT - Lecanicillium fungicola, which causes Dry bubble disease, induces infections and inflicts major losses in champignon production. The control can be managed through measures of hygiene and use of fungicides; however, in Brazil there are no registered products. This study aimed to estimate the influence of various essential oils extracted from Melissa officinalis, Thymus vulgaris, Origanum vulgare, Eucalyptus globulus, Cinnamomum zeylanicum and Syzygium aromaticum on the in vitro development and their uses. Therefore, analysis was performed of the L. fungicola isolates in vitro and the best oils were tested in vivo. Besides, the Agaricus bisporus - L. fungicola interaction was confirmed by scanning electron microscopy (SEM). Cinnamon and clove oils in concentrations of 0.4% and thyme oil of 0.8% were identified as good growth inhibitors of the pathogenic mycelium. Effective inhibition of the conidial germination was seen in all concentrations by cinnamon oil, and by clove and thyme oils only at 0.4% and 0.8%, respectively. When the essential oils were applied post-infestation in the in vivo experiments the incidence of the disease in the mushrooms was much lower. From the SEM it was clear that 19 hours after the inoculation of A. bisporus with L. fungicola, the spores had already completely germinated, revealing the presence of the infection. Therefore, the findings of this study indicated that the oil extracts of cinnamon, clove and thyme are potential and efficient alternatives in the control of dry bubble disease.<br/><br/>Key words: dry bubble disease, Lecanicillium fungicola, essential oils, SEM, alternative control.
520 ## - NOTA DE RESUMO
Nota de conteúdo <br/><br/>RESUMO - A doença bolha seca, causada pelo fungo Lecanicillium fungicola, provoca infecções graves que resultam em perdas significativasna produção de champignon. O controle se dá através de práticas sanitárias e do uso de fungicidas, porém no Brasil não há produtos registrados. Desta forma, este estudo objetivou avaliar o efeito de óleos essenciais extraídos de Melissa officinalis, Thymus vulgaris, Iriganum vulgare, Eucalyptus globulus, Cinnamomum zeylanicum e Syzygium aromaticum sobre o desenvolvimento in vitro de isolados de L. fungicola e aplicação dos melhores óleos em teste in vivo. Além disso, a interação entre Agaricus bisporus e L. fungicola foi verificada por meio de microscopia eletrônica de varredura (MEV). Os óleos de canela e cravo a partir da concentração 0.4% e tomilho a 0.8% inibiram o crescimento micelial do patógeno. Já a germinação de conídios foi inibida pelo óleo de canela em todas as concentrações, bem como pelos óleos de cravo e tomilho, a 0.4% e 0.8%, respectivamente. No experimento in vivo, a aplicação dos óleos essenciais pós-infestação apresentou menor incidência da doença nos cogumelos produzidos. A MEV revelou que após 19 horas da inoculação de L. fungicola em A. bisporus, os esporos já estavam completamente germinados, o que indicava a ocorrência da infecção. Assim, os resultados deste trabalho sugerem que os óleos de canela, cravo e tomilho são alternativas potenciais para o controle da doença bolha seca.<br/><br/>Palavras-chave: bolha seca, Lecanicillium fungicola, óleos essenciais, MEV, controle alternativo.
650 ## - ASSUNTO - THESAGRO
Cabeçalho tópico ou nome geográfico COGUMELO COMESTÍVEL
650 ## - ASSUNTO - THESAGRO
Cabeçalho tópico ou nome geográfico DOENÇA
650 ## - ASSUNTO - THESAGRO
Cabeçalho tópico ou nome geográfico ÓLEO ESSENCIAL
650 ## - ASSUNTO - THESAGRO
Cabeçalho tópico ou nome geográfico CONTROLE ALTERNATIVO
773 0# - ENTRADA ANALÍTICA
Host Biblionumber 2408
Registro do item 346531
Imprenta Santa Maria-RS Universidade Federal de Santa Maria - Centro de Ciências Rurais 1991
Outro identificador 2024-7202
Título Ciência Rural (Brazil)
ISSN 0103-8478 Versão online ISSN 1678-4596
Colação v. 47(5) p. 1-7 ; (2017)
Número de controle de registro BR2024004093
856 ## - ACESSO E ENDEREÇO ELETRÔNICO
Identificador uniforme de recurso - URI https://www.scielo.br/j/cr/a/wnqf57HsVFT4bRRFcJ8NJJP/?format=pdf&lang=en

Nenhum exemplar disponível.

BINAGRI

Telefone: (61)3218-2567/2388/3357/2097 - binagri@agro.gov.br

Ministério da Agricultura e Pecuária , Esplanada dos Ministérios, Bloco D, Anexo B, Brasília/DF, CEP: 70.043-900